| 000 | 01027nam a22002537a 4500 | ||
|---|---|---|---|
| 005 | 20170123164151.0 | ||
| 010 | _aB-230616 | ||
| 020 |
_a150.00 _c8173291853 |
||
| 035 | _aB-230616 | ||
| 037 | _bCen Lib / Ret | ||
| 040 |
_aDPL _bPN |
||
| 082 |
_a854 _bਸਿੱਧੂ |
||
| 100 |
_aਸਿੱਧੂ, ਚਰਨਦਾਸ _9138040 |
||
| 245 |
_aਡਰਾਮੇਬਾਜ਼ੀਆਂ : _cਚਰਨਦਾਸ ਸਿੱਧੂ _bਨਾਟਕੀ ਨਿਬੰਧ / |
||
| 246 |
_aDramebazian : nataki nibandh / _bby Charan Dass Sidhu |
||
| 260 |
_aਦਿੱਲੀ _bਸਿਲਾਲੇਖ _c2006 |
||
| 270 |
_a4/32 ਸੁਭਾਸ਼ ਗਾਲੀ ਵਿਸ਼ਵਾਸ ਨਗਰ ਸ਼ਹਾਦਰ _bਦਿੱਲੀ _e110032 |
||
| 300 |
_a128p. _c23cm(Hb) |
||
| 650 |
_aਸਾਹਿਤ -- ਪੰਜਾਬੀ _9138041 |
||
| 650 |
_aਪੰਜਾਬੀ- ਨਿਬੰਧ _9138042 |
||
| 650 |
_aLiterature -- Punjabi _9138043 |
||
| 650 |
_aPunjabi - Essays _9118968 |
||
| 942 |
_2ddc _cPN _h854 _mਸਿੱਧੂਚ |
||
| 999 |
_c110329 _d110329 |
||